01112nam a2200241 a 450000100100000000500170001000800410002702000150006804000250008304100130010804100130012108200160013411100940015024500590024426000570030330000350036050001590039571100750055471100950062904900090072495201200073399900170085300002515320200930023606.0110210s1997 sp ab r 000 0 spa d a9284402123 aDO-SdBNPbspacBNPHU17aspa2eng17aspa2fre axxxxbS471o1 aSeminario sobre la fiscalidad del turismod(1997 enero. 27-28 :cMadrid, España)95158410aSeminario sobre fiscalía del turismo :bponencias /. aMadrid :bOrganización Mundial del Turismo,c1997. av. p. :bil., mapas. ;c29 cm. aEn la portada: Una publicación de los miembros afiliados de la OMT. A wto affiliate members publication. Une publication des membres affilies de l´OMT.2 aSeminar on tourism taxationd(1997 jan. 27-28 :cMadrid, Spain)9515852 aSéminaire sur la fiscalité du tourismed(1997 janvier 27-28 :cMadrid, Espagne)951586 aBNGR 001054708MOaGRbGRcCTd2011-02-10iLF1l0oxxxx S471op25153-10r2020-06-25w2020-06-25y4ZPréstamo en sala c24646d24646